|
|
|
|
| LEADER |
00000cam a2200000 7i4500 |
| 001 |
0000077014 |
| 005 |
20171211.0 |
| 008 |
171211 |
| 020 |
|
|
|a 9789672118039
|
| 041 |
0 |
|
|a Malay
|
| 090 |
0 |
0 |
|a 297.577
|b SYA
|
| 100 |
0 |
|
|a Syahr Musafir, Dr.
|
| 245 |
0 |
0 |
|a Hikayat bernikah tanpa couple
|c Dr. Syahr Musafir & Rahimah AR
|
| 260 |
|
|
|a Selangor :
|b Sentap Press Sdn Bhd ,
|c 2017
|
| 300 |
|
|
|a 130p. ;
|c 22.6cm.
|
| 541 |
0 |
0 |
|c Purchased on 2017
|
| 650 |
|
0 |
|a Husband and wife
|
| 650 |
|
0 |
|a Marriage religious aspect
|x Islam
|
| 999 |
|
|
|a 0001489426
|b Book
|c Adult Collection
|e Cawangan Bukit Gambir
|
| 999 |
|
|
|a 0001489427
|b Book
|c Adult Collection
|e Cawangan Tangkak
|
| 999 |
|
|
|a 0001489428
|b Book
|c Adult Collection
|e Cawangan Muar
|
| 999 |
|
|
|a 0001489429
|b Book
|c Adult Collection
|e Cawangan Tmn. Ungku Tun Aminah
|
| 999 |
|
|
|a 0001489430
|b Book
|c Adult Collection
|e Cawangan Mersing
|
| 999 |
|
|
|a 0001489431
|b Book
|c Adult Collection
|e Cawangan Taman Sri Lambak
|
| 999 |
|
|
|a 0001489432
|b Book
|c Adult Collection
|e Cawangan Pontian
|
| 999 |
|
|
|a 0001489433
|b Book
|c Adult Collection
|e Cawangan Kota Tinggi
|
| 999 |
|
|
|a 0001489434
|b Book
|c Adult Collection
|e Cawangan Batu Pahat
|
| 999 |
|
|
|a 0001489435
|b Book
|c Adult Collection
|e Cawangan Segamat
|
| 999 |
|
|
|a 0001489436
|b Book
|c Adult Collection
|e Cawangan Bandar Penawar
|
| 999 |
|
|
|a 0001489437
|b Book
|c Adult Collection
|e Cawangan Bandar Tenggara
|
| 999 |
|
|
|a 0001489438
|b Book
|c Adult Collection
|e Cawangan Sri Merlong
|
| 999 |
|
|
|a 0001489840
|b Book
|c Adult Collection
|e Cawangan Urban Transformation Centre
|
| 999 |
|
|
|a 0001489841
|b Book
|c Adult Collection
|e Perbadanan Perpustakaan Awam Johor
|
| 999 |
|
|
|a 0001489843
|b Book
|c Adult Collection
|e Perbadanan Perpustakaan Awam Johor
|